| 000 | 00936nam a2200265Ia 4500 | ||
|---|---|---|---|
| 003 | OSt | ||
| 005 | 20221005105323.0 | ||
| 006 | a|||||r|||| 00| 0 | ||
| 007 | ta | ||
| 008 | 221004b |||||||| |||| 00| 0 hin d | ||
| 020 |
_a9789381063064 (hbk) _c225 |
||
| 024 | _a13651 | ||
| 037 |
_bSP/3343, 19/03/2014, Star Publications Pvt. Ltd. _cTextual |
||
| 040 |
_aCRL _cCRL _bhin |
||
| 041 |
_2hin _ahin |
||
| 082 | _aO15,1A1w, 152Q1 | ||
| 100 | _aजोशी, दिनकर | ||
| 245 | 0 | _aरामायण के पात्र | |
| 246 | _aRāmāyaṇ ke pātra | ||
| 260 |
_aनई दिल्ली _bग्रंथ अकादमी भारत _c2013 |
||
| 300 |
_a175पृ0 _ccm. |
||
| 650 | _aसंस्कृत साहित्य | ||
| 942 |
_hO15,1A1w, 152Q1 _cTEXL _2cc |
||
| 999 |
_c1015460 _d1015460 |
||